The secular pilgrims of Victorian fiction : the novel as book of life /

Bibliographic Details
Main Author: Qualls, Barry V.
Format: Book
Language:English
Published: Cambridge [Cambridgeshire] ; New York : Cambridge University Press, 1982.
Subjects:

MARC

Tag First Indicator Second Indicator Subfields
LEADER 00000pam a2200000 a 4500
001 in00000470521
005 20151012171102.0
008 820121s1982 enka b 00110 eng
010 |a  82001165  
020 |a 0521244099 
020 |a 0521272017 (pbk.) 
035 |a (OCoLC)08170659 
035 |9 ACA0362AM 
039 0 |a 2  |b 3  |c 3  |d 3  |e 3 
040 |a DLC  |c DLC  |d TXA  |d UtOrBLW 
043 |a e-uk--- 
049 |a TXAM  |c [1363412] 
050 0 0 |a PR878 P53  |b  Q3 1982 
082 0 |a 823/.8/0938  |2 19 
100 1 |a Qualls, Barry V. 
245 1 4 |a The secular pilgrims of Victorian fiction :  |b the novel as book of life /  |c Barry V. Qualls. 
264 1 |a Cambridge [Cambridgeshire] ;  |a New York :  |b Cambridge University Press,  |c 1982. 
300 |a xv, 217 pages :  |b illustrations ;  |c 22 cm. 
336 |a text  |b txt  |2 rdacontent 
337 |a unmediated  |b n  |2 rdamedia 
338 |a volume  |b nc  |2 rdacarrier 
504 |a Includes bibliographical references and index. 
650 0 |a English fiction  |y 19th century  |x History and criticism. 
650 0 |a Pilgrims and pilgrimages in literature. 
650 0 |a Didactic fiction, English  |x History and criticism. 
999 |a MARS 
999 f f |s dd564298-fe18-34a4-bad4-d97b979759f8  |i 06fd87d3-06f9-3ca1-ae98-9da32c97d6d5  |t 0 
952 f f |p ric  |a Texas A&M University  |b Rellis Campus  |c Joint Library Facility  |d Remote Storage  |t 0  |e PR878 P53 Q3 1982  |h Library of Congress classification  |i unmediated -- volume  |m A14806459440 
998 f f |a PR878 P53 Q3 1982  |t 0  |l Remote Storage